Formula One Quiz #2 - Statistics

General Stats
  • This quiz has been taken 41 times
  • The average score is 10 of 15
Answer Stats
Question Answer % Correct
Yas Marina is the venue of which Grand Prix in Formula 1 A. Abu Dhabi
100%
This F1 Driver holds the unwanted record of not being on the podium even after having one of the most races under his belt. B. Nico Hulkenburg
92%
The most successful car in F1 history winning 21 of 22 Grands Prix C. RED BULL RB19
83%
Who has the distinction of being the first driver to win F1 drivers Championship C. Giuseppe Farina
81%
Lusail is the venue of which Grand Prix in Formula 1 D. Qatar
81%
The fastest pit stop in Formula 1 was recorded by this team at 1.80 seconds was made during lap 27 of the 2023 Qatar Grand Prix. B. McLaren
75%
Niki Lauda holds the record for winning a Drivers Championship by the smallest margin by beating Alain Prost C. 0.5
72%
Which F1 driver has won driver's Championships with three different teams C. Juan Manuel Fangio
69%
In 1922, this became the first non-French host of a Grand Prix. C. Monza
69%
What does Yellow and Red Stripes mean in Formula 1 B. Debris / Fluid is on track
64%
The slowest pit stop record in Formula 1, unfortunately, belongs to this team B. Mercedes
61%
This was the first British team to win not only Formula 1 Grand Prix but also the Constructors ' World Championship C. Vanwall
56%
How many drivers have won 4 or more World Championships in Formula 1 C. 6.
50%
What does White Flag tell in Formula 1? B. Slow Vehicle ahead.
47%
Besides Denny Hulme, there's only one F1 driver who won his Drivers Championship without qualifying on pole in the entire season D. Niki Lauda
44%
No matching quizzes found
Score Distribution
Percent of People with Each Score
Percentile by Number Answered
Your Score History
You have not taken this quiz